<?xml version="1.0" encoding="UTF-8"?>
<record
    xmlns:xsi="http://www.w3.org/2001/XMLSchema-instance"
    xsi:schemaLocation="http://www.loc.gov/MARC21/slim http://www.loc.gov/standards/marcxml/schema/MARC21slim.xsd"
    xmlns="http://www.loc.gov/MARC21/slim">

  <leader>02392njm a2200373Ia 4500</leader>
  <controlfield tag="001">25611</controlfield>
  <controlfield tag="003">IT-RoPAU</controlfield>
  <controlfield tag="005">20220918181202.0</controlfield>
  <controlfield tag="008">131025s9999    xx            000 0 und d</controlfield>
  <datafield tag="040" ind1=" " ind2=" ">
    <subfield code="a">IT-RoPAU</subfield>
  </datafield>
  <datafield tag="040" ind1=" " ind2=" ">
    <subfield code="c">IT-RoPAU</subfield>
  </datafield>
  <datafield tag="999" ind1=" " ind2=" ">
    <subfield code="c">103113</subfield>
    <subfield code="d">103113</subfield>
  </datafield>
  <datafield tag="999" ind1=" " ind2=" ">
    <subfield code="b">n.d.</subfield>
  </datafield>
  <datafield tag="100" ind1=" " ind2=" ">
    <subfield code="a">AA.VV.</subfield>
    <subfield code="9">794</subfield>
  </datafield>
  <datafield tag="100" ind1=" " ind2=" ">
    <subfield code="e">Autore musica</subfield>
    <subfield code="9">12520</subfield>
  </datafield>
  <datafield tag="100" ind1=" " ind2=" ">
    <subfield code="g">Codice autore musica SPICS: 12000</subfield>
    <subfield code="9">796</subfield>
  </datafield>
  <datafield tag="245" ind1=" " ind2=" ">
    <subfield code="a">Ballet Music &amp; Entr'Actes From French Opera</subfield>
  </datafield>
  <datafield tag="250" ind1=" " ind2=" ">
    <subfield code="a">1a ed.</subfield>
  </datafield>
  <datafield tag="260" ind1=" " ind2=" ">
    <subfield code="a">LONDON</subfield>
  </datafield>
  <datafield tag="260" ind1=" " ind2=" ">
    <subfield code="b">DECCA RECORD COMPANY</subfield>
    <subfield code="c">1972 [1a Ed.:1972]</subfield>
  </datafield>
  <datafield tag="300" ind1=" " ind2=" ">
    <subfield code="a">DISCO</subfield>
  </datafield>
  <datafield tag="500" ind1=" " ind2=" ">
    <subfield code="a">Musica classica strumentale: opera, balletto</subfield>
  </datafield>
  <datafield tag="505" ind1=" " ind2=" ">
    <subfield code="a">Le prophete: coronation march - La navarraise: nocturne - La reine de Saba: grande valse - La dame blanche: overture - Cherubin: Entr'Acte To Act III - Don Procopio: Entr'Acte To Act II - Don Cesar de Bazan: Sevillana-Entr'Acte To Act III - Le roi de Lahore: Prelude To Act V and Valse - Les Erinnyes: Invocation - Le tribut de Zamora: Danse Grecque - Henry VIII: Danse de la Gypsy - Le roi l'a dit: Entr'Acte To Act III - La neige: overture</subfield>
  </datafield>
  <datafield tag="511" ind1=" " ind2=" ">
    <subfield code="a">London Symphony Orchestra diretta da Bonynge Richard</subfield>
  </datafield>
  <datafield tag="650" ind1=" " ind2=" ">
    <subfield code="a">BALLETTO [DISCHI]</subfield>
    <subfield code="e">Codice MATERIA SPICS: 9950</subfield>
    <subfield code="9">1086</subfield>
  </datafield>
  <datafield tag="700" ind1=" " ind2=" ">
    <subfield code="a">Meyerbeer Giacomo</subfield>
    <subfield code="d">Codice autore musica SPICS: 8068</subfield>
    <subfield code="e">Autore musica</subfield>
    <subfield code="p">Le prophete: coronation march</subfield>
    <subfield code="9">12521</subfield>
  </datafield>
  <datafield tag="700" ind1=" " ind2=" ">
    <subfield code="a">Massenet Jules</subfield>
    <subfield code="d">Codice autore musica SPICS: 4044</subfield>
    <subfield code="e">Autore musica</subfield>
    <subfield code="p">La navarraise: nocturne - Cherubin: Entr'Acte To Act III - Don Cesar de Bazan: Sevillana-Entr'Acte To Act III - Le roi de Lahore: Prelude To Act V and Valse - Les Erinnyes: Invocation</subfield>
    <subfield code="9">12522</subfield>
  </datafield>
  <datafield tag="700" ind1=" " ind2=" ">
    <subfield code="a">Gounod Charles</subfield>
    <subfield code="d">Codice autore musica SPICS: 10670</subfield>
    <subfield code="e">Autore musica</subfield>
    <subfield code="p">La reine de Saba: grande valse - Le tribut de Zamora: Danse Grecque</subfield>
    <subfield code="9">12523</subfield>
  </datafield>
  <datafield tag="700" ind1=" " ind2=" ">
    <subfield code="a">Boieldieu Francois</subfield>
    <subfield code="d">Codice autore musica SPICS: 10769</subfield>
    <subfield code="e">Autore musica</subfield>
    <subfield code="p">La dame blanche: overture</subfield>
    <subfield code="9">12524</subfield>
  </datafield>
  <datafield tag="700" ind1=" " ind2=" ">
    <subfield code="a">Bizet Georges</subfield>
    <subfield code="d">Codice autore musica SPICS: 10724</subfield>
    <subfield code="e">Autore musica</subfield>
    <subfield code="p">Don Procopio: Entr'Acte To Act II</subfield>
    <subfield code="9">12525</subfield>
  </datafield>
  <datafield tag="700" ind1=" " ind2=" ">
    <subfield code="a">Saint-Saens Camille</subfield>
    <subfield code="d">Codice autore musica SPICS: 10689</subfield>
    <subfield code="e">Autore musica</subfield>
    <subfield code="p">Henry VIII: Danse de la Gypsy</subfield>
    <subfield code="9">12526</subfield>
  </datafield>
  <datafield tag="700" ind1=" " ind2=" ">
    <subfield code="a">Delibes Leo</subfield>
    <subfield code="d">Codice autore musica SPICS: 7951</subfield>
    <subfield code="e">Autore musica</subfield>
    <subfield code="p">Le roi l'a dit: Entr'Acte To Act III</subfield>
    <subfield code="9">12527</subfield>
  </datafield>
  <datafield tag="700" ind1=" " ind2=" ">
    <subfield code="a">Auber Daniel Francois Esprit</subfield>
    <subfield code="d">Codice autore musica SPICS: 7860</subfield>
    <subfield code="e">Autore musica</subfield>
    <subfield code="p">La neige: overture</subfield>
    <subfield code="9">12528</subfield>
  </datafield>
  <datafield tag="942" ind1=" " ind2=" ">
    <subfield code="c">MD</subfield>
    <subfield code="2">ddc</subfield>
  </datafield>
  <datafield tag="952" ind1=" " ind2=" ">
    <subfield code="0">0</subfield>
    <subfield code="1">0</subfield>
    <subfield code="4">0</subfield>
    <subfield code="6">25611_000000000000000</subfield>
    <subfield code="7">1</subfield>
    <subfield code="a">SPICS</subfield>
    <subfield code="b">SPICS</subfield>
    <subfield code="d">2013-10-25</subfield>
    <subfield code="l">0</subfield>
    <subfield code="o">25611</subfield>
    <subfield code="r">2013-10-25 00:00:00</subfield>
    <subfield code="w">2013-10-25</subfield>
    <subfield code="y">MD</subfield>
    <subfield code="z">Progr. Ins.: 5485 / N.Vol.: 1 / Copie: 1 - Copia rara: n.d. / date import: 01.01.2014 - By Epidotti, Trombetti, Vaglietti</subfield>
  </datafield>
</record>
